Score 0/35 Timer 09:00
0 Plays Today
Series Opponent % Correct
Robot Wars: Series 8Apollo
87.5%
Robot Wars: Series 8Apollo
87.5%
Robot Wars: Series 8Apollo
87.5%
Robot Wars: Series 9Apollo
87.5%
Robot Wars: Series 9Apollo
87.5%
Robot Wars: Series 10Eruption
68.8%
Robot Wars: Series 9Eruption
68.8%
Robot Wars: Series 9Eruption
68.8%
Robot Wars: Series 10Eruption
68.8%
Robot Wars: Series 8Behemoth
62.5%
Robot Wars: Series 8Behemoth
62.5%
Robot Wars: Series 8Behemoth
62.5%
Robot Wars: Series 10Behemoth
62.5%
Robot Wars: Series 8Bonk
56.3%
Robot Wars: Series 8Thor
43.8%
Robot Wars: Series 8Nuts
43.8%
Robot Wars: Series 10Nuts 2
43.8%
Robot Wars: Series 10Nuts 2
43.8%
Series Opponent % Correct
Robot Wars: Series 8The General
37.5%
Robot Wars: Series 8TR2
37.5%
Robot Wars: Series 9Concussion
37.5%
Robot Wars: Series 10Rapid
37.5%
Robot Wars: Series 8Terrorhurtz
31.3%
Robot Wars: Series 8Shockwave
31.3%
Robot Wars: Series 9Crackers ‘n’ Smash
31.3%
Robot Wars: Series 9Crackers 'n' Smash
31.3%
Robot Wars: Series 9Coyote
31.3%
Robot Wars: Series 9Meggamouse
25%
Robot Wars: Series 10Big Nipper
25%
Robot Wars: Series 10Gabriel 2
25%
Robot Wars: Series 10Aftershock
25%
Robot Wars: Series 9Ironside3
25%
Robot Wars: Series 9Ironside3
25%
Robot Wars: Series 9Aftershock
25%
Robot Wars: Series 9Trolley Rage
18.8%
Remove Ads.
Support Sporcle.
Get the best of Sporcle when you Go Orange. This ad-free experience offers more features, more stats, and more fun while also helping to support Sporcle. Thank you for becoming a member.

You're not logged in!

Compare scores with friends on all Sporcle quizzes.
OR
Log In

Show Comments

Extras

Top Quizzes Today


Score Distribution

Your Account Isn't Verified!

In order to create a playlist on Sporcle, you need to verify the email address you used during registration. Go to your Sporcle Settings to finish the process.

Report this User

Report this user for behavior that violates our Community Guidelines.

Details: